[Event "11th Rubinstein Memorial"]
[Site "Polanica Zdroj POL"]
[Date "1973.08.16"]
[Round "9"]
[White "Maciejewski, Andrzej"]
[Black "Pytel, Krzysztof"]
[Result "0-1"]
[WhiteElo "2470"]
[BlackElo "2390"]
[EventDate "1973.08.05"]
[PlyCount "86"]

1.e4 c5 2.d4 cxd4 3.c3 Nf6 4.e5 Nd5 5.Qxd4 e6 6.Bc4 Nc6 7.Qe4 d6 8.Nf3 
dxe5 9.Nxe5 Bd6 10.Nxc6 bxc6 11.Nd2 O-O 12.Nf3 f5 13.Qe2 e5 14.Bg5 Qc7 15.
O-O-O Bb7 16.Rhe1 Rfe8 17.g3 a5 18.h4 a4 19.Qc2 Qf7 20.a3 h6 21.Bd2 Kh8 
22.Ba2 Qh5 23.Ng5 hxg5 24.hxg5 Qf7 25.Rh1+ Kg8 26.Rh4 Bc5 27.Rdh1 Kf8 28.
g4 Bc8 29.Bb1 fxg4 30.Qe4 Bd6 31.c4 Be6 32.Rh8+ Ke7 33.g6 Qf6 34.Rxe8+ 
Rxe8 35.cxd5 cxd5 36.Qxa4 Rc8+ 37.Bc2 Bf5 38.Bc3 Bxc2 39.Kxc2 d4 40.Qa6 
Qxf2+ 41.Kb3 Rb8+ 42.Bb4 Qf3+ 43.Kc2 Bxb4 0-1

[Event "11th Rubinstein Memorial"]
[Site "Polanica Zdroj POL"]
[Date "1973.08.16"]
[Round "9"]
[White "Markland, Peter Richard"]
[Black "Filipowicz, Andrzej"]
[Result "1/2-1/2"]
[WhiteElo "2405"]
[BlackElo "2420"]
[EventDate "1973.08.05"]
[PlyCount "27"]

1.Nf3 c5 2.c4 Nc6 3.g3 g6 4.Bg2 Bg7 5.Nc3 e6 6.e3 Nge7 7.d4 cxd4 8.Nxd4 
Nxd4 9.exd4 d5 10.cxd5 Nxd5 11.Nxd5 exd5 12.O-O O-O 13.Qb3 Be6 14.Be3 
1/2-1/2

[Event "11th Rubinstein Memorial"]
[Site "Polanica Zdroj POL"]
[Date "1973.08.16"]
[Round "9"]
[White "Nicevski, Risto"]
[Black "Ermenkov, Evgeny"]
[Result "1-0"]
[WhiteElo "2440"]
[BlackElo "2425"]
[EventDate "1973.08.05"]
[PlyCount "72"]

1.e4 c5 2.Nf3 d6 3.Nc3 Nc6 4.d4 cxd4 5.Nxd4 Nf6 6.Bg5 Qb6 7.Nb3 e6 8.Bd3 
a6 9.O-O Be7 10.Kh1 Qc7 11.a4 b6 12.Qe1 Bb7 13.f4 Nb4 14.Rf3 e5 15.f5 d5 
16.Bxf6 Bxf6 17.exd5 Nxd5 18.Be4 Nxc3 19.Rxc3 Qe7 20.Bxb7 Qxb7 21.Nd2 Rd8 
22.Ne4 Be7 23.Qe2 Rd4 24.Re3 Qc6 25.b3 O-O 26.c3 Rd7 27.Qxa6 Rfd8 28.h3 
Rd1+ 29.Rxd1 Rxd1+ 30.Kh2 Qh6 31.Rf3 Qc1 32.Qc8+ Rd8 33.Qc7 Kf8 34.Qxb6 h5
35.Qe3 Qb1 36.f6 gxf6 1-0

[Event "11th Rubinstein Memorial"]
[Site "Polanica Zdroj POL"]
[Date "1973.08.17"]
[Round "10"]
[White "Dvoretsky, Mark"]
[Black "Grabczewski, Romuald"]
[Result "1-0"]
[WhiteElo "2485"]
[BlackElo "2420"]
[EventDate "1973.08.05"]
[PlyCount "79"]

1.b3 Nf6 2.Bb2 g6 3.e4 d6 4.g3 Bg7 5.Bg2 c5 6.Ne2 Nc6 7.O-O Bd7 8.d4 cxd4 
9.Nxd4 O-O 10.c4 a6 11.Nc3 Rb8 12.Rc1 Qa5 13.a3 Rfc8 14.b4 Qd8 15.Nd5 Nxd5
16.exd5 Ne5 17.Qe2 Rc7 18.c5 Be8 19.Rfe1 Bf6 20.f4 Nd7 21.c6 Nb6 22.cxb7 
Rbxb7 23.Nc6 Bxc6 24.dxc6 Bxb2 25.Qxb2 Rb8 26.Qe2 Ra7 27.f5 Rc8 28.Qf2 Qc7
29.Re4 Nd5 30.Rh4 Nf6 31.fxg6 fxg6 32.Bh3 Rb8 33.Be6+ Kh8 34.Qc2 Kg7 35.
Qd2 Qb6+ 36.Kg2 Kh8 37.Qh6 Rc7 38.Qxg6 Qe3 39.Bf5 Qd2+ 40.Kh3 1-0

[Event "11th Rubinstein Memorial"]
[Site "Polanica Zdroj POL"]
[Date "1973.08.17"]
[Round "10"]
[White "Ermenkov, Evgeny"]
[Black "Espig, Lutz"]
[Result "0-1"]
[WhiteElo "2425"]
[BlackElo "2460"]
[EventDate "1973.08.05"]
[PlyCount "78"]

1.e4 c5 2.Nf3 e6 3.d4 cxd4 4.Nxd4 Nf6 5.Nc3 d6 6.Bc4 Be7 7.Be3 O-O 8.Bb3 
Na6 9.f4 Nc5 10.Qf3 a6 11.O-O Qc7 12.f5 Nxb3 13.cxb3 b5 14.Rac1 Qb7 15.b4 
Bd7 16.g4 exf5 17.Nxf5 Bxf5 18.gxf5 a5 19.a3 axb4 20.axb4 Rac8 21.Bd4 Rc4 
22.Bxf6 Bxf6 23.Nd5 Rxc1 24.Rxc1 Qa7+ 25.Kg2 Bxb2 26.Rc7 Qa1 27.Qe2 Be5 
28.Ne7+ Kh8 29.Qc2 g6 30.Rc8 Kg7 31.Rxf8 Kxf8 32.Nd5 Bd4 33.fxg6 Qg1+ 34.
Kh3 hxg6 35.Qe2 Be5 36.Qg2 Qc1 37.Qf2 Qh6+ 38.Qh4 Qd2 39.Qh6+ Qxh6+ 0-1

[Event "11th Rubinstein Memorial"]
[Site "Polanica Zdroj POL"]
[Date "1973.08.17"]
[Round "10"]
[White "Filipowicz, Andrzej"]
[Black "Jigjidsuren, Purev"]
[Result "1-0"]
[WhiteElo "2420"]
[BlackElo "2260"]
[EventDate "1973.08.05"]
[PlyCount "83"]

1.e4 e5 2.Nf3 Nc6 3.d4 exd4 4.Nxd4 Nf6 5.Nxc6 bxc6 6.Bd3 d5 7.exd5 cxd5 8.
O-O Be7 9.Nc3 O-O 10.Bg5 Bb7 11.Ne2 c5 12.c3 h6 13.Bh4 Qb6 14.Qb3 Qc6 15.
Qb5 Qc8 16.Rfe1 a6 17.Qa4 Re8 18.Rad1 Nh5 19.Bxe7 Rxe7 20.Qh4 Nf6 21.Ng3 
Rxe1+ 22.Rxe1 Qc6 23.Nf5 Kf8 24.Qg3 g6 25.Nxh6 Re8 26.Re5 Rxe5 27.Qxe5 d4 
28.f3 c4 29.Bxc4 Qxc4 30.Qxf6 d3 31.Ng4 Qd5 32.Qd4 Qxa2 33.Qxd3 Qa1+ 34.
Kf2 Qxb2+ 35.Kg3 Qb6 36.Qd7 a5 37.Ne5 Qf6 38.Ng4 Qxc3 39.Qxb7 f5 40.Qb8+ 
Kf7 41.Qe5 Qxe5+ 42.Nxe5+ 1-0

[Event "11th Rubinstein Memorial"]
[Site "Polanica Zdroj POL"]
[Date "1973.08.17"]
[Round "10"]
[White "Pribyl, Josef"]
[Black "Doda, Zbigniew"]
[Result "1/2-1/2"]
[WhiteElo "2440"]
[BlackElo "2405"]
[EventDate "1973.08.05"]
[PlyCount "85"]

1.e4 c5 2.Nc3 Nc6 3.f4 e6 4.Nf3 Nf6 5.e5 Nd5 6.Nxd5 exd5 7.b3 Be7 8.Bb2 
O-O 9.d4 d6 10.Qd2 cxd4 11.Nxd4 dxe5 12.Nxc6 bxc6 13.Bxe5 a5 14.Bd3 f6 15.
Bd4 Bb4 16.c3 Re8+ 17.Kf2 Bd6 18.Rhe1 Be6 19.Qc2 h6 20.Bh7+ Kh8 21.Bg6 Re7
22.f5 Bg8 23.Qd2 Qf8 24.Rxe7 Bxe7 25.Re1 c5 26.Be3 a4 27.Bf4 axb3 28.axb3 
d4 29.cxd4 cxd4 30.Qd3 Bd6 31.Re4 Bd5 32.Bxd6 Qxd6 33.Qxd4 Qc6 34.Re2 Bxg2
35.Qe3 Bd5 36.b4 Bg8 37.Bh5 Qd6 38.Bf3 Qxh2+ 39.Bg2 Qh4+ 40.Qg3 Qd4+ 41.
Qe3 Qh4+ 42.Qg3 Qd4+ 43.Qe3 1/2-1/2

[Event "11th Rubinstein Memorial"]
[Site "Polanica Zdroj POL"]
[Date "1973.08.17"]
[Round "10"]
[White "Pytel, Krzysztof"]
[Black "Kostro, Jerzy"]
[Result "1/2-1/2"]
[WhiteElo "2390"]
[BlackElo "2385"]
[EventDate "1973.08.05"]
[PlyCount "92"]

1.c4 e6 2.Nc3 d5 3.d4 Be7 4.Nf3 Nf6 5.Bg5 O-O 6.e3 h6 7.Bh4 b6 8.Bd3 Bb7 
9.O-O Nbd7 10.Qe2 dxc4 11.Bxc4 Ne4 12.Bg3 Bd6 13.Nxe4 Bxe4 14.Bxd6 cxd6 
15.Ba6 Nb8 16.Nd2 Nxa6 17.Nxe4 Nc7 18.Rac1 d5 19.Nd2 Qd7 20.Nf3 Rfc8 21.
Ne5 Qb5 22.Qc2 Qe8 23.Qc6 Qxc6 24.Rxc6 Ne8 25.Rfc1 Rxc6 26.Rxc6 Kf8 27.Kf1
Ke7 28.Ke2 f6 29.Ng6+ Kd7 30.Rc3 Nd6 31.Nf4 g5 32.Nh5 Ne8 33.f3 Rc8 34.
Rxc8 Kxc8 35.g4 Kd7 36.e4 Kd6 37.Ke3 Ke7 38.Kd3 Nc7 39.h3 Kf7 40.f4 Kg6 
41.Ke3 f5 42.exf5+ exf5 43.Ng3 gxf4+ 44.Kxf4 fxg4 45.hxg4 Kf6 46.Nh5+ Ke6 
1/2-1/2

[Event "11th Rubinstein Memorial"]
[Site "Polanica Zdroj POL"]
[Date "1973.08.17"]
[Round "10"]
[White "Schmidt, Wlodzimierz"]
[Black "Maciejewski, Andrzej"]
[Result "1-0"]
[WhiteElo "2455"]
[BlackElo "2470"]
[EventDate "1973.08.05"]
[PlyCount "87"]

1.Nf3 g6 2.c4 Bg7 3.d4 Nf6 4.Nc3 c5 5.e4 O-O 6.Be2 Na6 7.O-O d6 8.d5 Nc7 
9.a4 e6 10.Re1 exd5 11.cxd5 Re8 12.Nd2 Rb8 13.Bf1 b6 14.Nc4 Ba6 15.Ra2 
Bxc4 16.Bxc4 a6 17.Bd3 b5 18.axb5 axb5 19.b3 Nd7 20.Rc2 Qe7 21.Be3 Ne5 22.
Bf1 Qh4 23.g3 Qd8 24.f4 Nd7 25.Bg2 b4 26.Na4 Nb5 27.e5 dxe5 28.Nxc5 exf4 
29.Nxd7 Qxd7 30.Bxf4 Nc3 31.Rxe8+ Rxe8 32.Qd3 Qa7+ 33.Kf1 Qa3 34.d6 Qxb3 
35.d7 Rd8 36.Re2 Bf6 37.Re8+ Kg7 38.Bc7 Rxd7 39.Qxd7 Qc4+ 40.Ke1 b3 41.Qd6
g5 42.Bd8 Bxd8 43.Qxd8 f6 44.Re7+ 1-0

[Event "11th Rubinstein Memorial"]
[Site "Polanica Zdroj POL"]
[Date "1973.08.19"]
[Round "11"]
[White "Doda, Zbigniew"]
[Black "Dvoretsky, Mark"]
[Result "1/2-1/2"]
[WhiteElo "2405"]
[BlackElo "2485"]
[EventDate "1973.08.05"]
[PlyCount "75"]

1.Nf3 g6 2.g3 Bg7 3.Bg2 Nf6 4.c4 O-O 5.O-O d6 6.d4 Nc6 7.Nc3 e5 8.d5 Ne7 
9.e4 Ne8 10.Ne1 f5 11.Nd3 Nf6 12.f3 h6 13.Bd2 g5 14.exf5 Nxf5 15.Nf2 Nd4 
16.Be3 Bf5 17.Bxd4 exd4 18.Nb5 Nd7 19.Nxd4 Ne5 20.Rc1 Qf6 21.Nxf5 Qxf5 22.
Ne4 b6 23.b3 Nd7 24.f4 gxf4 25.gxf4 Nc5 26.Nxc5 bxc5 27.Qf3 Kh8 28.Kh1 
Rae8 29.Rce1 Rxe1 30.Rxe1 Qxf4 31.Qxf4 Rxf4 32.Re8+ Rf8 33.Re7 Rf2 34.Rxc7
a5 35.Rc8+ Rf8 36.Rc7 Rf2 37.Rc8+ Rf8 38.Rc7 1/2-1/2

[Event "11th Rubinstein Memorial"]
[Site "Polanica Zdroj POL"]
[Date "1973.08.19"]
[Round "11"]
[White "Espig, Lutz"]
[Black "Pribyl, Josef"]
[Result "0-1"]
[WhiteElo "2460"]
[BlackElo "2440"]
[EventDate "1973.08.05"]
[PlyCount "70"]

1.Nf3 Nf6 2.c4 g6 3.b4 Bg7 4.Bb2 O-O 5.e3 b6 6.Be2 Bb7 7.O-O c5 8.a3 e6 9.
d3 d5 10.cxd5 exd5 11.Nbd2 Nbd7 12.Nb3 Re8 13.Rc1 Bf8 14.Qd2 d4 15.e4 a5 
16.bxc5 bxc5 17.Qc2 Ba6 18.Nbd2 Nd5 19.Nc4 Nf4 20.Bd1 Rb8 21.Rb1 Nb6 22.
Nfd2 Bb5 23.Bc1 Ba4 24.Nb3 Nxc4 25.dxc4 d3 26.Qd2 Ne2+ 27.Kh1 Nxc1 28.Qxc1
Bxb3 29.Rxb3 Rxb3 30.Bxb3 Rxe4 31.Qd2 Re2 32.Qf4 d2 33.Qf3 Re1 34.Kg1 Qd4 
35.g3 a4 0-1

[Event "11th Rubinstein Memorial"]
[Site "Polanica Zdroj POL"]
[Date "1973.08.19"]
[Round "11"]
[White "Grabczewski, Romuald"]
[Black "Pytel, Krzysztof"]
[Result "0-1"]
[WhiteElo "2420"]
[BlackElo "2390"]
[EventDate "1973.08.05"]
[PlyCount "66"]

1.e4 c5 2.Nf3 d6 3.d4 cxd4 4.Nxd4 Nf6 5.Nc3 a6 6.Be3 e6 7.f4 Nbd7 8.Qf3 e5
9.Nf5 g6 10.Ng3 exf4 11.Bxf4 Ne5 12.Qf2 Be7 13.O-O-O Qa5 14.Kb1 Be6 15.Qd4
Rc8 16.Nd5 Bxd5 17.exd5 Nfd7 18.Ne4 f5 19.Ng5 Bf6 20.Qd2 Qxd2 21.Rxd2 Nc5 
22.Rd1 Kd7 23.Be2 Na4 24.c3 Nc4 25.Bxc4 Rxc4 26.g3 Bxg5 27.Bxg5 Re8 28.
Rhe1 Rce4 29.Rxe4 Rxe4 30.Rd2 b5 31.Bf4 Re1+ 32.Kc2 Nc5 33.b3 g5 0-1

[Event "11th Rubinstein Memorial"]
[Site "Polanica Zdroj POL"]
[Date "1973.08.19"]
[Round "11"]
[White "Jigjidsuren, Purev"]
[Black "Nicevski, Risto"]
[Result "1-0"]
[WhiteElo "2260"]
[BlackElo "2440"]
[EventDate "1973.08.05"]
[PlyCount "89"]

1.e4 c5 2.Nf3 Nc6 3.Nc3 d6 4.d4 cxd4 5.Nxd4 Nf6 6.Bc4 Qb6 7.Nb3 e6 8.Be3 
Qc7 9.f4 a6 10.a4 d5 11.exd5 Nb4 12.Qe2 Nxc2+ 13.Qxc2 Qxc4 14.O-O-O Nxd5 
15.Rxd5 exd5 16.Re1 Be7 17.Bc5 Be6 18.Bxe7 d4 19.Ba3 dxc3 20.f5 cxb2+ 21.
Kxb2 Qxc2+ 22.Kxc2 O-O-O 23.fxe6 fxe6 24.Rxe6 Rhe8 25.Rxe8 Rxe8 26.Kd3 Re1
27.Bc5 Rh1 28.Bd6 Rg1 29.g3 Kd7 30.Bf4 Rg2 31.h4 b6 32.Nd2 Rg1 33.Kc4 Kc6 
34.Nf3 Ra1 35.Nd4+ Kd7 36.Kb4 g6 37.Nb3 Rb1 38.Bc1 Ke6 39.Kc3 Kf5 40.Kc2 
Rxc1+ 41.Nxc1 b5 42.a5 Kg4 43.Nd3 Kxg3 44.Nb4 Kxh4 45.Nxa6 1-0

[Event "11th Rubinstein Memorial"]
[Site "Polanica Zdroj POL"]
[Date "1973.08.19"]
[Round "11"]
[White "Kostro, Jerzy"]
[Black "Schmidt, Wlodzimierz"]
[Result "1/2-1/2"]
[WhiteElo "2385"]
[BlackElo "2455"]
[EventDate "1973.08.05"]
[PlyCount "40"]

1.e4 c5 2.Nf3 e6 3.d4 cxd4 4.Nxd4 Nc6 5.Nc3 a6 6.g3 d6 7.Bg2 Bd7 8.O-O Nf6
9.Re1 Be7 10.Nxc6 Bxc6 11.a4 O-O 12.a5 Nd7 13.Be3 Qb8 14.Qd2 Rc8 15.Na4 
Bxa4 16.Rxa4 Rc7 17.Rd1 Qe8 18.b3 Rac8 19.c4 Nc5 20.Bxc5 dxc5 1/2-1/2

[Event "11th Rubinstein Memorial"]
[Site "Polanica Zdroj POL"]
[Date "1973.08.19"]
[Round "11"]
[White "Maciejewski, Andrzej"]
[Black "Filipowicz, Andrzej"]
[Result "0-1"]
[WhiteElo "2470"]
[BlackElo "2420"]
[EventDate "1973.08.05"]
[PlyCount "92"]

1.e4 c6 2.d4 d5 3.exd5 cxd5 4.Bd3 Nc6 5.c3 Nf6 6.Bf4 Qb6 7.b4 Bg4 8.Nf3 e6
9.Nbd2 Be7 10.O-O O-O 11.a4 Rac8 12.Qb3 Bxf3 13.Nxf3 Na5 14.Qa2 Nc4 15.Nd2
Nxd2 16.Qxd2 Bd6 17.Bg5 Ne4 18.Bxe4 dxe4 19.Rac1 Rc4 20.f3 Qc6 21.fxe4 
Qxe4 22.Rce1 Qc6 23.Re3 f6 24.Bf4 Bxf4 25.Rxf4 Rc8 26.Rff3 Qxa4 27.Rh3 Qd7
28.Qf2 e5 29.dxe5 fxe5 30.Rd3 Qe6 31.Qxa7 e4 32.Rde3 Qf7 33.Qa1 Rf8 34.Qe1
Qf6 35.Rhg3 h5 36.h3 Qf4 37.Qe2 Qf7 38.Rxe4 Rxe4 39.Qxe4 Re8 40.Qf3 Re1+ 
41.Kf2 Qe6 42.Qxh5 Ra1 43.Qc5 Qa2+ 44.Kf3 Rf1+ 45.Kg4 Qe6+ 46.Kh4 Qh6+ 0-1

[Event "11th Rubinstein Memorial"]
[Site "Polanica Zdroj POL"]
[Date "1973.08.19"]
[Round "11"]
[White "Markland, Peter Richard"]
[Black "Ermenkov, Evgeny"]
[Result "1/2-1/2"]
[WhiteElo "2405"]
[BlackElo "2425"]
[EventDate "1973.08.05"]
[PlyCount "101"]

1.e4 c5 2.Nf3 e6 3.c3 Nf6 4.e5 Nd5 5.d4 cxd4 6.cxd4 d6 7.Nc3 Nc6 8.Nxd5 
exd5 9.Bd3 Be7 10.O-O O-O 11.h3 Be6 12.Bf4 Re8 13.Rc1 Qd7 14.Bb5 f6 15.Qa4
Rec8 16.Bxc6 bxc6 17.exd6 Bxd6 18.Bxd6 Qxd6 19.Rc3 Rab8 20.Qc2 Bd7 21.Re1 
Re8 22.Rce3 Qb4 23.b3 a5 24.Qc5 Rxe3 25.Rxe3 Qxc5 26.dxc5 Kf7 27.a3 g5 28.
Nd4 h5 29.Kh2 h4 30.Kg1 Rg8 31.f3 f5 32.f4 Kf6 33.Kf2 gxf4 34.Re2 Rg3 35.
Nf3 Be6 36.b4 axb4 37.axb4 d4 38.Rd2 Bd5 39.Rxd4 Bxf3 40.gxf3 Rxh3 41.Rd6+
Ke5 42.Rxc6 Rh2+ 43.Kg1 Rb2 44.Rb6 Kd4 45.c6 Rc2 46.b5 Ke3 47.Rb8 Kxf3 48.
Re8 h3 49.b6 Rc1+ 50.Kh2 Rc2+ 51.Kg1 1/2-1/2

[Event "11th Rubinstein Memorial"]
[Site "Polanica Zdroj POL"]
[Date "1973.08.20"]
[Round "12"]
[White "Dvoretsky, Mark"]
[Black "Espig, Lutz"]
[Result "1/2-1/2"]
[WhiteElo "2485"]
[BlackElo "2460"]
[EventDate "1973.08.05"]
[PlyCount "29"]

1.c4 c5 2.Nc3 g6 3.g3 Bg7 4.Bg2 Nc6 5.e3 e6 6.Nge2 Nge7 7.O-O d5 8.cxd5 
Nxd5 9.Nxd5 exd5 10.d4 cxd4 11.Nxd4 Nxd4 12.exd4 O-O 13.Be3 Be6 14.Qb3 Qd7
15.Rfc1 1/2-1/2

[Event "11th Rubinstein Memorial"]
[Site "Polanica Zdroj POL"]
[Date "1973.08.20"]
[Round "12"]
[White "Ermenkov, Evgeny"]
[Black "Pribyl, Josef"]
[Result "0-1"]
[WhiteElo "2425"]
[BlackElo "2440"]
[EventDate "1973.08.05"]
[PlyCount "109"]

1.e4 Nf6 2.e5 Nd5 3.d4 d6 4.c4 Nb6 5.f4 Bf5 6.Nc3 e6 7.Nf3 dxe5 8.fxe5 Nc6
9.Be3 Bg4 10.Qd2 Be7 11.Be2 Bxf3 12.gxf3 Bh4+ 13.Kf1 f6 14.f4 fxe5 15.fxe5
O-O+ 16.Kg2 Qe8 17.Qc2 Ne7 18.Qe4 Nf5 19.Rhf1 Nxe3+ 20.Qxe3 Qg6+ 21.Kh1 
Bg5 22.Qh3 Bd2 23.Bd3 Qh6 24.Qxh6 Bxh6 25.Nb5 Rfc8 26.Rf3 a6 27.Nc3 Rd8 
28.d5 Nd7 29.Re1 Bd2 30.Re4 Bxc3 31.bxc3 Re8 32.d6 c6 33.Bf1 Rf8 34.Rxf8+ 
Rxf8 35.Bh3 Nc5 36.Rd4 Kf7 37.Kg2 Ke8 38.Bg4 Kd7 39.h4 g6 40.Bh3 Na4 41.h5
gxh5 42.Rd3 Rg8+ 43.Kh2 Nc5 44.Rf3 Ke8 45.d7+ Kxd7 46.Rf7+ Kc8 47.Re7 Rg6 
48.a4 h6 49.a5 Kd8 50.Rh7 Rg5 51.Rxh6 Rxe5 52.Rh7 Kc8 53.Kg2 Re2+ 54.Kf3 
Rc2 55.Rxh5 0-1

[Event "11th Rubinstein Memorial"]
[Site "Polanica Zdroj POL"]
[Date "1973.08.20"]
[Round "12"]
[White "Filipowicz, Andrzej"]
[Black "Kostro, Jerzy"]
[Result "1/2-1/2"]
[WhiteElo "2420"]
[BlackElo "2385"]
[EventDate "1973.08.05"]
[PlyCount "37"]

1.e4 e5 2.Nf3 Nc6 3.Bc4 Nf6 4.d4 exd4 5.O-O Nxe4 6.Re1 d5 7.Bxd5 Qxd5 8.
Nc3 Qa5 9.Nxe4 Be6 10.Bd2 Bb4 11.Nxd4 Nxd4 12.c3 Be7 13.cxd4 Qd5 14.Bb4 
Bxb4 15.Qa4+ Qc6 16.Qxb4 O-O-O 17.Nc3 Qb6 18.Qxb6 axb6 19.Rad1 1/2-1/2

[Event "11th Rubinstein Memorial"]
[Site "Polanica Zdroj POL"]
[Date "1973.08.20"]
[Round "12"]
[White "Nicevski, Risto"]
[Black "Maciejewski, Andrzej"]
[Result "1/2-1/2"]
[WhiteElo "2440"]
[BlackElo "2470"]
[EventDate "1973.08.05"]
[PlyCount "149"]

1.e4 e5 2.Nf3 d6 3.d4 exd4 4.Qxd4 Nc6 5.Bb5 Bd7 6.Bxc6 Bxc6 7.Nc3 Nf6 8.
Bg5 Be7 9.O-O-O O-O 10.Rhe1 Re8 11.Kb1 h6 12.Bc1 Nd7 13.Qc4 Bf6 14.Nd4 
Bxd4 15.Qxd4 Qf6 16.Qd2 Nb6 17.b3 Qg6 18.Qd4 Nd7 19.Re3 Qf6 20.Qd2 Nc5 21.
Bb2 Qg5 22.Qe2 g6 23.Rg3 Qf4 24.f3 h5 25.Qc4 Kf8 26.Bc1 Qe5 27.Bh6+ Ke7 
28.Be3 Ne6 29.f4 Nxf4 30.Nd5+ Nxd5 31.exd5 Bd7 32.Re1 b5 33.Qxc7 Rec8 34.
Qa5 Qxd5 35.Bh6+ Be6 36.Rd3 Qxg2 37.Rd2 Qc6 38.Qb4 Qc5 39.Qf4 Kd7 40.Red1 
d5 41.Bg7 Kc6 42.Bd4 Qf8 43.Bf2 Rd8 44.Rd4 Qd6 45.Qd2 a5 46.a4 b4 47.Qe2 
Qb8 48.Qe3 Qc7 49.Bg3 Qb7 50.Qe5 Rac8 51.Bh4 Rd7 52.Bf2 Qa6 53.Bg3 Kb7 54.
R1d2 Qc6 55.Bf2 Ka8 56.Rc4 Qb7 57.Rxc8+ Qxc8 58.Bg3 Kb7 59.Qd4 Qc6 60.Qh8 
Ka6 61.Be5 Re7 62.Kb2 Re8 63.Qf6 Rc8 64.c3 bxc3+ 65.Bxc3 d4 66.Qf1+ Bc4 
67.Qxc4+ Qxc4 68.bxc4 dxc3+ 69.Kxc3 Kb6 70.Rb2+ Kc6 71.Rb5 Ra8 72.Kd4 Rd8+
73.Ke3 Ra8 74.Kd4 Rd8+ 75.Kc3 1/2-1/2

[Event "11th Rubinstein Memorial"]
[Site "Polanica Zdroj POL"]
[Date "1973.08.20"]
[Round "12"]
[White "Pytel, Krzysztof"]
[Black "Doda, Zbigniew"]
[Result "0-1"]
[WhiteElo "2390"]
[BlackElo "2405"]
[EventDate "1973.08.05"]
[PlyCount "72"]

1.d4 Nf6 2.c4 c5 3.d5 g6 4.Nc3 d6 5.e4 Bg7 6.Bd3 e5 7.Nge2 Nh5 8.Be3 O-O 
9.Qd2 a6 10.f3 Nd7 11.g4 Nf4 12.Nxf4 exf4 13.Bxf4 Ne5 14.Be2 b5 15.cxb5 
axb5 16.Nxb5 Ba6 17.O-O f5 18.Bxe5 Bxe5 19.f4 Bg7 20.exf5 gxf5 21.g5 Qb6 
22.a4 Rae8 23.Kh1 Re4 24.Bd3 Rb4 25.Qe2 Kh8 26.Ra2 Qb8 27.Bc4 Re8 28.Qd3 
Rxc4 29.Qxc4 Re4 30.Qd3 Rd4 31.Qxf5 Rxd5 32.Qd7 Rd2 33.Rf3 Bb7 34.Ra3 Qa8 
35.Re3 Bxf3+ 36.Kg1 Bc6 0-1

[Event "11th Rubinstein Memorial"]
[Site "Polanica Zdroj POL"]
[Date "1973.08.20"]
[Round "12"]
[White "Schmidt, Wlodzimierz"]
[Black "Grabczewski, Romuald"]
[Result "1/2-1/2"]
[WhiteElo "2455"]
[BlackElo "2420"]
[EventDate "1973.08.05"]
[PlyCount "57"]

1.Nf3 Nf6 2.c4 e6 3.g3 Be7 4.Bg2 O-O 5.O-O c5 6.b3 Nc6 7.Bb2 d5 8.e3 Re8 
9.d3 b6 10.Qe2 Bf8 11.Ne5 Nxe5 12.Bxe5 Bb7 13.Nd2 Bd6 14.Bb2 e5 15.Rad1 
Qe7 16.e4 dxe4 17.dxe4 Nd7 18.Nb1 Nf8 19.Bh3 Ne6 20.Bxe6 Qxe6 21.Nc3 Rad8 
22.Rd3 Bc7 23.Nd5 Bxd5 24.exd5 Qg6 25.Re3 f6 26.Re1 Kf8 27.Kh1 Bd6 28.Bc1 
Re7 29.f3 1/2-1/2

[Event "11th Rubinstein Memorial"]
[Site "Polanica Zdroj POL"]
[Date "1973.08.22"]
[Round "13"]
[White "Doda, Zbigniew"]
[Black "Schmidt, Wlodzimierz"]
[Result "1/2-1/2"]
[WhiteElo "2405"]
[BlackElo "2455"]
[EventDate "1973.08.05"]
[PlyCount "36"]

1.c4 g6 2.Nc3 Nf6 3.d4 d5 4.Bg5 Ne4 5.Bh4 c5 6.cxd5 Nxc3 7.bxc3 Qxd5 8.e3 
cxd4 9.Qxd4 Qxd4 10.cxd4 e6 11.Rb1 Be7 12.Bb5+ Bd7 13.Bxe7 Kxe7 14.Bxd7 
Nxd7 15.Nf3 Rhc8 16.Kd2 Rc7 17.Rhc1 Rac8 18.Rxc7 Rxc7 1/2-1/2

[Event "11th Rubinstein Memorial"]
[Site "Polanica Zdroj POL"]
[Date "1973.08.22"]
[Round "13"]
[White "Espig, Lutz"]
[Black "Pytel, Krzysztof"]
[Result "1/2-1/2"]
[WhiteElo "2460"]
[BlackElo "2390"]
[EventDate "1973.08.05"]
[PlyCount "88"]

1.e4 e5 2.Nf3 Nc6 3.Be2 Nf6 4.d3 d5 5.Nbd2 g6 6.O-O Bg7 7.c3 a5 8.a4 O-O 
9.Re1 Re8 10.Bf1 b6 11.Qc2 Ba6 12.exd5 Nxd5 13.Nc4 Qd7 14.Bd2 Qf5 15.Nh4 
Qf6 16.g3 g5 17.Bg2 Nf4 18.gxf4 gxh4 19.fxe5 Qg6 20.Kh1 Bxc4 21.Be4 f5 22.
exf6 Rxe4 23.Rxe4 h3 24.Bg5 Qxg5 25.f4 Qxf6 26.Rxc4 Re8 27.Qf2 Kh8 28.Re1 
Rf8 29.Qg3 Qd6 30.Qxh3 Ne7 31.Rce4 Nf5 32.Re8 Qc6+ 33.Qg2 Qxe8 34.Rxe8 
Rxe8 35.Qc6 Rc8 36.Qd7 Nd6 37.Kg2 Bf6 38.Kf3 h5 39.d4 h4 40.Qg4 Rf8 41.
Qh5+ Kg7 42.Ke2 Rf7 43.Kd3 Re7 44.Qg4+ Kf7 1/2-1/2

[Event "11th Rubinstein Memorial"]
[Site "Polanica Zdroj POL"]
[Date "1973.08.22"]
[Round "13"]
[White "Grabczewski, Romuald"]
[Black "Filipowicz, Andrzej"]
[Result "1/2-1/2"]
[WhiteElo "2420"]
[BlackElo "2420"]
[EventDate "1973.08.05"]
[PlyCount "42"]

1.e4 c5 2.Nf3 d6 3.d4 cxd4 4.Nxd4 Nf6 5.Nc3 Nc6 6.Bg5 Qa5 7.Bxf6 gxf6 8.
Nb3 Qd8 9.Qh5 a6 10.f4 e6 11.Bd3 Qb6 12.Rf1 Rg8 13.g3 Qe3+ 14.Ne2 Rg6 15.
Rf3 Qb6 16.Qh3 d5 17.exd5 Rh6 18.Qg2 exd5 19.O-O-O Bg4 20.Rff1 O-O-O 21.
Rd2 Bh3 1/2-1/2

[Event "11th Rubinstein Memorial"]
[Site "Polanica Zdroj POL"]
[Date "1973.08.22"]
[Round "13"]
[White "Jigjidsuren, Purev"]
[Black "Ermenkov, Evgeny"]
[Result "0-1"]
[WhiteElo "2260"]
[BlackElo "2425"]
[EventDate "1973.08.05"]
[PlyCount "174"]

1.e4 c5 2.Nf3 Nc6 3.Bb5 g6 4.O-O Bg7 5.c3 e5 6.d3 Nge7 7.Nbd2 d6 8.Re1 O-O
9.Nf1 h6 10.Ng3 Kh7 11.h3 Be6 12.Ba4 b6 13.a3 a5 14.Nf1 Ra7 15.Bc2 d5 16.
a4 Rd7 17.Qe2 Re8 18.Bd2 d4 19.Rad1 Nc8 20.N3h2 Nd6 21.Bc1 h5 22.Nf3 f6 
23.c4 Rh8 24.N1h2 Bh6 25.Bxh6 Kxh6 26.Nd2 Kg7 27.Rf1 g5 28.f3 Kg8 29.Rf2 
Rg7 30.Ndf1 Ne7 31.Rc1 Ng6 32.Bd1 Nf4 33.Qd2 Nf7 34.Rc2 Nh6 35.b3 Kf8 36.
Ra2 Ke7 37.Ng3 Qd7 38.Kf1 Bxh3 39.gxh3 Qxh3+ 40.Rg2 h4 41.Nh1 f5 42.Kg1 g4
43.exf5 Qxg2+ 44.Qxg2 Nxg2 45.Rxg2 g3 46.f6+ Kxf6 47.Ng4+ Nxg4 48.fxg4 Rf8
49.Rd2 Rgf7 50.Kg2 Kg5 51.Re2 Re7 52.Re1 Rf4 53.Bf3 Re8 54.Bc6 Re6 55.Bd5 
Re7 56.Bf3 Kf6 57.Re2 Rg7 58.Re1 Ke6 59.Re2 Kd6 60.Re1 Rg6 61.Re2 Rgf6 62.
Be4 Rxg4 63.Kh3 Rgf4 64.Re1 Rh6 65.Bg2 Ke6 66.Re2 Kf6 67.Re1 Rh8 68.Re2 
Re8 69.Re1 Kg5 70.Be4 Ref8 71.Bg2 R8f5 72.Re2 Kf6 73.Re1 Rh5 74.Re2 Rg5 
75.Re1 Rgf5 76.Re2 Rf1 77.Kxh4 Rd1 78.Be4 Rf4+ 79.Kxg3 Rxe4 80.dxe4 Rxh1 
81.Rf2+ Ke6 82.Rf8 Re1 83.Rb8 Rxe4 84.Rxb6+ Kf5 85.Kf2 d3 86.Rd6 Re2+ 87.
Kf1 e4 0-1

[Event "11th Rubinstein Memorial"]
[Site "Polanica Zdroj POL"]
[Date "1973.08.22"]
[Round "13"]
[White "Kostro, Jerzy"]
[Black "Nicevski, Risto"]
[Result "0-1"]
[WhiteElo "2385"]
[BlackElo "2440"]
[EventDate "1973.08.05"]
[PlyCount "94"]

1.e4 e6 2.d4 c5 3.Nf3 cxd4 4.Nxd4 Nf6 5.Nc3 d6 6.g4 Nc6 7.g5 Nd7 8.Be3 a6 
9.h4 Be7 10.f4 O-O 11.Bh3 Nxd4 12.Qxd4 b5 13.O-O-O Re8 14.h5 b4 15.Ne2 Qa5
16.Kb1 e5 17.Qc4 exf4 18.Bxf4 Nb6 19.Qd4 Qc5 20.Bxd6 Qxd4 21.Rxd4 Bxh3 22.
Rxh3 Bxd6 23.Rxd6 Nc4 24.Rd4 Rxe4 25.Rxe4 Nd2+ 26.Kc1 Nxe4 27.Rh4 Re8 28.
g6 hxg6 29.hxg6 fxg6 30.Nd4 g5 31.Rg4 Kh7 32.Nc6 Kg6 33.Nxb4 Kh5 34.Rg1 g4
35.Nd5 g3 36.Ne3 Kg5 37.Rf1 Nf2 38.Kd2 Kf4 39.Ng2+ Kg4 40.Rg1 g5 41.Re1 
Rb8 42.Ke2 Kh3 43.Ne3 Re8 44.Rg1 Ng4 45.Rh1+ Nh2 46.Rg1 g2 47.Kf2 g4 0-1

[Event "11th Rubinstein Memorial"]
[Site "Polanica Zdroj POL"]
[Date "1973.08.22"]
[Round "13"]
[White "Maciejewski, Andrzej"]
[Black "Markland, Peter Richard"]
[Result "1/2-1/2"]
[WhiteElo "2470"]
[BlackElo "2405"]
[EventDate "1973.08.05"]
[PlyCount "34"]

1.e4 c5 2.d4 cxd4 3.c3 d5 4.exd5 Qxd5 5.cxd4 Nc6 6.Nf3 e5 7.Nc3 Bb4 8.Bd2 
Bxc3 9.Bxc3 e4 10.Ne5 Nxe5 11.dxe5 Ne7 12.Be2 O-O 13.O-O Be6 14.Qa4 a6 15.
f3 Qc5+ 16.Kh1 exf3 17.Bxf3 Nc6 1/2-1/2

[Event "11th Rubinstein Memorial"]
[Site "Polanica Zdroj POL"]
[Date "1973.08.22"]
[Round "12"]
[White "Markland, Peter Richard"]
[Black "Jigjidsuren, Purev"]
[Result "1/2-1/2"]
[WhiteElo "2405"]
[BlackElo "2260"]
[EventDate "1973.08.05"]
[PlyCount "47"]

1.e4 e5 2.Nf3 Nc6 3.Bb5 a6 4.Bxc6 dxc6 5.O-O f6 6.d4 exd4 7.Nxd4 Bd6 8.Be3
Ne7 9.Nd2 O-O 10.c3 Kh8 11.f4 Ng6 12.Qh5 Qe8 13.Rae1 Qf7 14.a3 Bd7 15.Nf5 
Rad8 16.Nxd6 cxd6 17.Bb6 Rc8 18.Rd1 c5 19.c4 Bc6 20.Qe2 f5 21.Qd3 fxe4 22.
Nxe4 Bxe4 23.Qxe4 Rce8 24.Qd5 1/2-1/2